Dictionnaire Francais de médecine et de biologie : En quatre volumes
Đã lưu trong:
| Formáid: | Leabhar |
|---|---|
| Teanga: | Undetermined |
| Foilsithe: |
Paris
Masson & Cie
1971
|
| Ábhair: | |
| Clibeanna: |
Cuir Clib Leis
Gan Chlibeanna, Bí ar an gcéad duine leis an taifead seo a chlibeáil!
|
| Thư viện lưu trữ: | Trung tâm Học liệu Trường Đại học Cần Thơ |
|---|
| LEADER | 00640nam a2200193Ia 4500 | ||
|---|---|---|---|
| 001 | CTU_76804 | ||
| 008 | 210402s9999 xx 000 0 und d | ||
| 082 | |a 610.3 | ||
| 082 | |b D554/Vol.2 | ||
| 245 | 0 | |a Dictionnaire Francais de médecine et de biologie : | |
| 245 | 0 | |b En quatre volumes | |
| 245 | 0 | |c A. Manuila [et al.] Avec la collaboration de J. Hureau, J. Polonovski, et de 350 specialistes | |
| 260 | |a Paris | ||
| 260 | |b Masson & Cie | ||
| 260 | |c 1971 | ||
| 650 | |a Medicine,Biology | ||
| 650 | |x Dictionaries,French.,Dictionaries,French | ||
| 904 | |i Tuyến,Hải | ||
| 980 | |a Trung tâm Học liệu Trường Đại học Cần Thơ | ||